Documento metodológico sobre la formulación y el desarrollo de procesos de memoria locales con la participación de la comunidad (Registro nro. 311507)
[ vista simple ]
| 000 -ENCABEZADO | |
|---|---|
| Número de control [NR] | 01188 a2200229 4500 |
| 005 - FECHA Y HORA DE LA ÚLTIMA TRANSACCIÓN | |
| control field | 20190204104213.0 |
| 008 - DE LONGITUD FIJA DE DATOS DE ELEMENTOS - INFORMACIÓN GENERAL | |
| Elementos de longitud fija [NR] | 190204s2018 ck ||||| |||| 00| 0 spa d |
| 020 ## - NUMERO INTERNACIONAL NORMALIZADO PARA LIBROS [R] | |
| Número Internacional Normalizado del libro [NR] | 9789588944883 |
| 040 ## - FUENTE DE CATALOGACION [NR] | |
| Agencia de catalogación original [NR] | CO-BoUCM |
| Idioma de catalogación [NR] | spa |
| Quien Cataloga | Saul Niño |
| Quien Clasifica | Saul Niño |
| 041 0# - CODIGO DE IDIOMA [R] | |
| Código de idioma para texto/pista de sonido o título separado [R] | Español |
| 110 2# - ASIENTO PRINCIPAL--NOMBRE CORPORATIVO [NR] | |
| Nombre corporativo o de jurisdicción como elemento de entrada [NR] | Centro Nacional de Memoria Histórica |
| ID de autoridad | 58167 |
| 245 10 - MENCION DE TITULO [NR] | |
| Título [NR] | Documento metodológico sobre la formulación y el desarrollo de procesos de memoria locales con la participación de la comunidad |
| Parte restante del título [NR] | aportes desde la experiencia de la Alta Montaña de El Carmen de Bolívar |
| Mención de responsabilidad, etc. [NR] | Centro Nacional de Memoria Histórica |
| 260 ## - PUBLICACION, DISTRIBUCION, ETC. (PIE DE IMPRENTA) [R] | |
| Nombre del editor, distribuidor, etc. [R] | Centro Nacional de Memoria Histórica (CNMH) |
| Fecha de publicación, distribución, etc. [R] | 2018 |
| Lugar de publicación, distribución, etc. [R] | Bogotá (Colombia) |
| 300 ## - DESCRIPCION FISICA [R] | |
| Extensión [R] | 199 páginas |
| 490 0# - MENCION DE SERIE [R] | |
| Mención de serie [R] | Informes de investigación |
| 650 #7 - ASIENTO SECUNDARIO DE MATERIA - TERMINO TEMATICO [R] | |
| 9 (RLIN) | 19279 |
| Término temático o nombre geográfico como elemento de entrada [NR] | Memoria colectiva |
| Subdivisión geográfica [R] | El Carmen de Bolívar (Bolívar, Colombia) |
| 650 #7 - ASIENTO SECUNDARIO DE MATERIA - TERMINO TEMATICO [R] | |
| 9 (RLIN) | 21113 |
| Término temático o nombre geográfico como elemento de entrada [NR] | Participación ciudadana |
| Subdivisión general [R] | Aspectos sociales |
| Subdivisión geográfica [R] | El Carmen de Bolívar (Bolívar, Colombia) |
| 650 #7 - ASIENTO SECUNDARIO DE MATERIA - TERMINO TEMATICO [R] | |
| 9 (RLIN) | 21113 |
| Término temático o nombre geográfico como elemento de entrada [NR] | Participación ciudadana |
| Subdivisión general [R] | Aspectos sociales |
| Subdivisión geográfica [R] | Montes de María (Región, Colombia) |
| 650 #7 - ASIENTO SECUNDARIO DE MATERIA - TERMINO TEMATICO [R] | |
| Término temático o nombre geográfico como elemento de entrada [NR] | Conflicto armado |
| Subdivisión general [R] | Aspectos sociales |
| 9 (RLIN) | 36392 |
| 942 ## - ELEMENTOS DE ENTRADA AGREGADOS (KOHA) | |
| Tipo de ítem principal el descrito en 300a | Libro |
| Sistema de clasificación | DEWEY |
| Tema principal | Sociología |
| Edición | 1 |
| Clasificación | 323.042 |
| Parte restante de la signatura top. | C397d |
| Signatura topográfica | Código de barras | Última vez visto | Ejemplar | Costo de reposición | Price effective from | Tipo de ítem | Perdido | Sistema de clasificación | Dañado | No prestable | Tipo de ítem específico | Suprimido | Ubicación habitual | Ubicación actual | Localización | Fecha de creación | Proveedor | Forma de adquisición | Costo |
|---|---|---|---|---|---|---|---|---|---|---|---|---|---|---|---|---|---|---|---|
| 323.042 C397d | 100159123 | 05/06/2024 | Ej.1 | 26000.00 | 01/02/2019 | Libro | DEWEY | Libro | Bodega | Bodega | 3er piso | 01/02/2019 | 12 | Donación | 0.00 |